| 000 | 00895nas a2200289 4500 | ||
|---|---|---|---|
| 001 | BR0800006 | ||
| 003 | BR-BrBNA | ||
| 005 | 20231205111419.0 | ||
| 007 | ta | ||
| 008 | 230509b bl.|||p| |||| 00| 00por d | ||
| 040 |
_aBR-BrBNA _bpor _cBiblioteca Nacional de Agricultura |
||
| 041 | _a(Pt) | ||
| 072 | _aL74 | ||
| 100 | 1 | _aMoraes, J.R.E. de | |
| 100 | 1 | _aMoraes, F.R. de | |
| 100 | 1 | _aBechara, G.H. | |
| 100 | 1 | _aMartins, M. de F. | |
| 100 | 1 | _aRigo, M.A. | |
| 245 | 1 | _aAnomalias do desenvolvimento ovariano em bovinos com especial referência à hipoplasia e à atrofia | |
| 650 | _aHIPOPLASIA | ||
| 650 | _aDISTÚRBIO METABÓLICO | ||
| 650 | _aOVÁRIO | ||
| 650 | _aVACA | ||
| 773 | 0 |
_tVeterinária e Zootecnia - Universidade Estadual Paulista (Brazil) _xISSN 0102-5716 _g(1985), v. 1 p. 39-44 _wBR0800006 |
|
| 909 |
_a202311 _bLúcia _c55 _dLúcia Elande |
||
| 942 |
_2AGRIS _n0 _cANA |
||
| 999 |
_c192587 _d192587 |
||